Pisando tus umbrales, Jerusalén: historia antigua de la ciudad

Na minha lista:
Detalhes bibliográficos
Autor principal: González Echegaray, Joaquín (Author)
Formato: Livro
Idioma:espanhol
Publicado em: Pamplona Verbo Divino 2005
Assuntos:
Tags: Adicionar Tag
Sem tags, seja o primeiro a adicionar uma tag!

MARC

LEADER 00000cam a2200000 a 4500
001 UCF8412
003 CL-VaPUC
008 130829e20050000sp |||||||||||||||||spa|d
020 |a 8481696846 
082 0 4 |a 956.94  |b GON  |2 21 
100 |a González Echegaray, Joaquín  |e author  |9 603534 
245 1 0 |a Pisando tus umbrales, Jerusalén: historia antigua de la ciudad 
300 |a 412 p 
942 |c BK 
945 |d 20130829 16:45:00  |a dcastane 
260 |a Pamplona  |b Verbo Divino  |c 2005 
650 7 |a HISTORIA DE JERUSALEN  |2 CL-VaPUC  |9 346475 
650 0 |a Judíos  |9 313771 
650 0 |a Musulmanes  |9 332296 
650 0 |a Cristianismo  |9 257361 
583 |a last modification  |c 20130829 16:45:00  |k Rodrigo Vera 
999 |c 352984  |d 352982 
952 |0 0  |1 0  |3 erd  |4 0  |6 956_940000000000000_GON_2005  |7 0  |8 A  |9 457791  |a BIBTEO  |b BIBTEO  |d 2019-11-23  |i 5000688  |o 956.94 GON 2005  |p 5000688  |r 2025-01-17  |w 2019-11-23  |y BK  |z Catalogado en:20130829  |k ICR